1425 1169 1256 1200 1832 1980 1308 1445 1223 1030 1732 1842 1948 1236 1975 2000 1025 1576 1914 1552 1003 1352 1779 1281 1133 1067 1828 1529 1770 1828 1749 1143 1996 1057 1497 1655 1141 1811 1804 1923 1403 1802 1900 1007 1096 1413 1662 1621 1276 1567 1288 1272 1227 1349 1175 1969 1262 1810 1101 1831 1652 1043 1800 1971 1342 1849 1759 1058 1204 1017 1680 1959 1756 1104 1586 1054 1179 1552 1762 1054 1059 1733 1024 1805 1198 1609 1808 1822 1336 1420 1863 1160 1572 1019 1234 1436 1979 1112 1960 BCNSPRNW ULIB Ver.6.0+V

เปลี่ยนเป็นภาษาไทย

Change to English
 แสดงรายละเอียดบรรณานุกรม
  กลับหน้าหลัก

Brief Record : Get Marc (ISO 2709) : E-mail record : QR code < ปิดหน้าต่าง
LEADER : 00000nam 2200000uu 4500
001    13399123968
003     ULIB
008    141217s2556||||th 000 0 tha d
020    ^a9786167530482
060  4 ^aWI140^bก125ด
100 0  ^aกนกอร บุญพิทักษ์
245 10 ^aดูแลกระเพาะอาหารและลำไส้ /^cกนกอร บุญพิทักษ์
260    ^aกรุงเทพฯ :^bFeel Good,^c2556
300    ^a221 หน้า :^bภาพประกอบ
500    ^aชื่อเรื่องจากปกนอก
650  7 ^aระบบกระเพาะอาหารและลำไส้^xโรค^xการรักษา
650  7 ^aวิทยากระเพาะอาหารและลำไส้
650  7 ^aระบบกระเพาะอาหารและลำไส้, โรค^xการรักษา
945    ^p170^l0^i037349
945    ^p170^l0^i037350
945    ^p170^l0^i037351
999    ^aเกษร โพธิ์สุวรรณ
รายการนี้ยังไม่มีแท็ก
คุณยังไม่ได้ล็อกอิน คุณสามารถมีกิจกรรมร่วมกับเว็บไซต์ได้ แต่ต้องล็อกอินก่อน ::
  ล็อกอิน

รายการสื่อสารสนเทศ

ลำดับที่ ประเภท เลขเรียก/บาร์โค้ด สถานที่ สถานะ
1. วิทยาศาสตร์การแพทย์ และสุขภาพ
หนังสือสำรอง
สถานะ=หนังสือสำรอง
WI140 ก125ด ฉ.1 
  Barcode: 037349
ห้องสมุดวิทยาเขตสวรรค์ประชารักษ์
►ส่วนจัดเก็บหนังสือเก่า สปร
บนชั้น
  ขอยืม
2. วิทยาศาสตร์การแพทย์ และสุขภาพ
วิทยาศาสตร์การแพทย์ และสุขภาพ
WI140 ก125ด ฉ.2 
  Barcode: 037350
ห้องสมุดวิทยาเขตสวรรค์ประชารักษ์
►ส่วนจัดเก็บหนังสือเก่า สปร
บนชั้น
  ขอยืม
3. วิทยาศาสตร์การแพทย์ และสุขภาพ
วิทยาศาสตร์การแพทย์ และสุขภาพ
WI140 ก125ด ฉ.3 
  Barcode: 037351
ห้องสมุดวิทยาเขตสวรรค์ประชารักษ์
►ส่วนจัดเก็บหนังสือเก่า สปร
บนชั้น
  ขอยืม

รายการใกล้เคียง
    ผู้แต่ง [กนกอร บุญพิทักษ์]

    หัวเรื่อง [วิทยากระเพาะอาหารและลำไส้]

BibComment


ยังไม่เคยถูกคอมเมนท์

คอมเมนท์ทรัพยากรรายการนี้
  คอมเมนท์: ดูแลกระเพาะอาหาร..


 Copyright 2026. Bcnsprnw @Library